|
|
|
|
| LEADER |
00948nam a2200253 a 4500 |
| 001 |
c000193303 |
| 003 |
CARM |
| 005 |
20021125001700.0 |
| 008 |
860117r 1935wb b 00110 ger d |
| 019 |
1 |
|
|a 3910091
|5 LACONCORD2021
|
| 035 |
|
|
|a (OCoLC)216421504
|5 LACONCORD2021
|
| 040 |
|
|
|a NUN
|c NUN
|
| 082 |
1 |
|
|a 330.1
|2 19
|
| 100 |
1 |
|
|a Schreiber, Manfred.
|
| 245 |
1 |
0 |
|a Grundzüge einer national organischen Aussenhandelspolitik /
|c von Manfred Schreiber.
|
| 260 |
|
|
|a [Berlin :
|b Hieronymus Buchreproductions,
|c 19--]
|
| 300 |
|
|
|a xi, 206 p. ;
|c 22 cm.
|
| 504 |
|
|
|a Includes bibliographical references and index.
|
| 650 |
|
0 |
|a Commercial policy.
|
| 650 |
|
0 |
|a Economics.
|
| 650 |
|
0 |
|a Foreign trade regulation.
|
| 852 |
8 |
|
|b CARM
|h A2:AO01A0
|i B06578
|p 0304305
|f BK
|
| 999 |
f |
f |
|i e385af5f-9f94-5725-a851-9c79f17a905b
|s a745cff2-1649-5e9f-944e-aab77b09c3a1
|
| 952 |
f |
f |
|p Can circulate
|a CAVAL
|b CAVAL
|c CAVAL
|d CARM 1 Store
|e B06578
|f A2:AO01A0
|h Other scheme
|i book
|m 0304305
|